000 01236nam a22002177a 4500
005 20210929160722.0
008 210929b ||||| |||| 00| 0 eng d
020 _a9781846141027
040 _aAL
_c
041 _aeng
082 _223
_a332.660973
_bELLP
100 _aCharles D Ellis
_9545
245 _aPartnership
_bA history of Goldman Sachs
260 _aLondon
_bPenguin books Ltd
_c2008
300 _a729 p.
_bHB
_c23x15 cm
365 _b₹995.00
_d₹995.00
520 _aThe Partnership chronicles the most important periods in Goldman Sachs?s history and the individuals who built one of the world?s largest investment banks. Charles D. Ellis, who worked as a strategy consultant to Goldman Sachs for more than thirty years, reveals the secrets behind the firm?s continued success through many life-threatening changes. Disgraced and nearly destroyed in 1929, Goldman Sachs limped along as a break-even operation through the Depression and WWII. But with only one special service and one improbable banker, it began the stage-by-stage rise that took the firm to global leadership, even in the face of the world-wide credit crisis.
650 _aPartnership
_9546
700 _aELLIS (Charles D)
_9547
942 _2ddc
_cGF
999 _c216433
_d216433